[Event "Landesliga U20 Nord 1112"]
[Site "Bayern"]
[Date "2011.11.12"]
[Round "1.4"]
[White "Tran, Xuan Duc"]
[Black "Kroeger, Michael"]
[Result "1-0"]
[WhiteElo "1570"]
[BlackElo "1057"]
[PlyCount "89"]
[EventDate "2011.11.12"]
[EventType "team-tourn"]
[EventRounds "7"]
[EventCountry "GER"]
[SourceTitle "EXT 2022"]
[Source "ChessBase"]
[SourceDate "2021.10.06"]
[SourceVersion "1"]
[SourceVersionDate "2021.10.06"]
[SourceQuality "1"]
[WhiteTeam "Kronach U20"]
[BlackTeam "Hoechstadt SC U20"]
[WhiteTeamCountry "GER"]
[BlackTeamCountry "GER"]

1. e4 e5 2. Nf3 Nc6 3. Bc4 Nf6 4. d3 Bc5 5. Bg5 d6 6. c3 Be6 7. b3 a6 8. d4 Bxc4 9. bxc4 Ba7 10. d5 Ne7 11. Bxf6 gxf6 12. 0-0 Qd7 13. Nbd2 0-0-0 14. Rb1 c6 15. Qb3 Qc7 16. Rfc1 Rhg8 17. dxc6 Qxc6 18. c5 Rg7 19. cxd6 Rxd6 20. Nc4 Rd7 21. Rd1 Bc5 22. Rxd7 Qxd7 23. Nb6+ Bxb6 24. Qxb6 Qc6 25. Qxc6+ Nxc6 26. Nh4 Ne7 27. Rb6 Rg4 28. Nf5 Nxf5 29. exf5 Rc4 30. Rxf6 Rxc3 31. Kf1 Rc7 32. Rh6 a5 33. Rxh7 f6 34. Rxc7+ Kxc7 35. h4 Kd7 36. Ke2 Ke7 37. Kd3 b5 38. Kc3 Kf7 39. Kb3 Kg7 40. Kc3 Kh6 41. g4 Kg7 42. Kd3 Kh6 43. Ke4 b4 44. Kd3 a4 45. Kc4 1-0